[Event "Montreal Elite POM"]
[Site "Montreal"]
[Date "2012.10.06"]
[Round "3.10"]
[White "Nikulich, Oleksandr"]
[Black "Wu, Qiyou"]
[Result "1/2-1/2"]
[WhiteElo "1825"]
[BlackElo "2041"]
[PlyCount "78"]
[EventDate "2012.10.05"]
[EventType "swiss"]
[EventRounds "7"]
[EventCountry "CAN"]
[SourceTitle "EXT 2022"]
[Source "ChessBase"]
[SourceDate "2021.10.06"]
[SourceVersion "1"]
[SourceVersionDate "2021.10.06"]
[SourceQuality "1"]

1. Nf3 c5 2. c4 Nc6 3. Nc3 e5 4. g3 g6 5. Bg2 Bg7 6. 0-0 Nge7 7. d3 d6 8. Ne1 0-0 9. Nc2 Rb8 10. Ne3 Nd4 11. Ned5 Nxd5 12. Nxd5 Bg4 13. Nc3 a6 14. f3 Be6 15. Be3 Qd7 16. a4 Bh3 17. Bxd4 exd4 18. Bxh3 Qxh3 19. Nd5 Rfe8 20. a5 Re5 21. Rf2 Rbe8 22. f4 Rh5 23. Qf1 Qg4 24. Ra3 Rb8 25. Rb3 Qe6 26. Rg2 Rxd5 27. cxd5 Qxd5 28. Qd1 Bf6 29. Qc2 Bd8 30. Ra3 Qc6 31. Qa4 b5 32. axb6 Qxb6 33. b3 a5 34. Rf2 Kg7 35. Qc4 Qc6 36. Rf1 Rb4 37. Qc2 Bb6 38. Rfa1 d5 39. Ra4 Rb5 1/2-1/2

[Event "Montreal McGill op"]
[Site "Montreal"]
[Date "2012.05.12"]
[Round "3"]
[White "Sturt, Raven M"]
[Black "Wu, Qiyou"]
[Result "1-0"]
[WhiteElo "2272"]
[BlackElo "2050"]
[PlyCount "103"]
[EventDate "2012.05.??"]
[EventType "swiss"]
[EventRounds "5"]
[EventCountry "CAN"]
[SourceTitle "EXT 2022"]
[Source "ChessBase"]
[SourceDate "2021.10.06"]
[SourceVersion "1"]
[SourceVersionDate "2021.10.06"]
[SourceQuality "1"]

1. d4 d5 2. c4 e6 3. Nf3 Nf6 4. g3 Be7 5. Bg2 0-0 6. 0-0 Nc6 7. Nbd2 Bd7 8. b3 Re8 9. Bb2 Bd6 10. Qc2 Rc8 11. a3 Bf8 12. Rfd1 Ne7 13. Ne5 Ng6 14. Nxd7 Qxd7 15. e4 dxe4 16. Nxe4 Nxe4 17. Bxe4 c6 18. h4 f5 19. Bg2 Bd6 20. h5 Nf8 21. h6 gxh6 22. d5 cxd5 23. Qc3 Ng6 24. Rxd5 Rc6 25. Rxf5 Rc5 26. Rxc5 Bxc5 27. b4 Bf8 28. Be4 e5 29. Qf3 Bg7 30. Rd1 Qh3 31. Bxb7 Rf8 32. Qe4 Nf4 33. Bd5+ Kh8 34. Bxe5 Qg4 35. Bxg7+ Qxg7 36. Kh2 Nxd5 37. Rxd5 Rxf2+ 38. Kh3 Rf8 39. Qd4 Qxd4 40. Rxd4 a5 41. b5 Rf3 42. c5 Kg7 43. b6 Rb3 44. Rb4 axb4 45. a4 Rf3 46. b7 Rf8 47. c6 Rb8 48. c7 Rxb7 49. c8Q Ra7 50. Qg4+ Kf7 51. Qf4+ Kg6 52. Qe4+ 1-0

[Event "Trois-Rivieres Mauricie op"]
[Site "Trois Rivieres"]
[Date "2012.03.18"]
[Round "5"]
[White "Poulin, Mathieu"]
[Black "Wu, Qiyou"]
[Result "0-1"]
[WhiteElo "2015"]
[BlackElo "2017"]
[PlyCount "66"]
[EventDate "2012.03.16"]
[EventType "swiss"]
[EventRounds "5"]
[EventCountry "CAN"]
[SourceTitle "EXT 2022"]
[Source "ChessBase"]
[SourceDate "2021.10.06"]
[SourceVersion "1"]
[SourceVersionDate "2021.10.06"]
[SourceQuality "1"]

1. d4 d5 2. c4 e6 3. Nc3 Nf6 4. cxd5 exd5 5. Bg5 Be7 6. Qc2 0-0 7. e3 c6 8. Bd3 Nbd7 9. Nf3 Re8 10. 0-0 Nf8 11. h3 Bd6 12. Rab1 Ng6 13. b4 a6 14. a4 h6 15. Bxh6 gxh6 16. Bxg6 fxg6 17. Qxg6+ Kh8 18. Qxh6+ Nh7 19. b5 Bf5 20. Rb2 Re6 21. Qh4 Bg6 22. Qg4 Qf6 23. bxc6 bxc6 24. Rb6 Rg8 25. Qh4 Qf5 26. Ne2 Bh5 27. Ng3 Bxf3 28. gxf3 Be7 29. Qf4 Qxh3 30. Rb8 Bf8 31. Rxf8 Nxf8 32. Rb1 Rh6 33. Qe5+ Rg7 0-1

[Event "Trois-Rivieres Mauricie op"]
[Site "Trois Rivieres"]
[Date "2012.03.17"]
[Round "3"]
[White "Lebeau, Gilbert"]
[Black "Wu, Qiyou"]
[Result "0-1"]
[WhiteElo "2014"]
[BlackElo "2017"]
[PlyCount "64"]
[EventDate "2012.03.16"]
[EventType "swiss"]
[EventRounds "5"]
[EventCountry "CAN"]
[SourceTitle "EXT 2022"]
[Source "ChessBase"]
[SourceDate "2021.10.06"]
[SourceVersion "1"]
[SourceVersionDate "2021.10.06"]
[SourceQuality "1"]

1. d4 d5 2. c4 e6 3. Nc3 Nf6 4. Nf3 Be7 5. e3 Nbd7 6. Bd3 0-0 7. 0-0 dxc4 8. Bxc4 a6 9. a4 b6 10. e4 Bb7 11. Re1 c5 12. d5 exd5 13. exd5 Bd6 14. Bg5 Qc7 15. Qd3 Ng4 16. Re4 Nde5 17. Qe2 h6 18. Bh4 Nxf3+ 19. Qxf3 Ne5 20. Qe2 Nxc4 21. Qxc4 Bxh2+ 22. Kf1 Bd6 23. Rae1 Bc8 24. Be7 Bxe7 25. Rxe7 Qh2 26. R1e3 Qh1+ 27. Ke2 Bf5 28. Ne4 Bg4+ 29. Kd2 Qd1+ 30. Kc3 b5 31. Qb3 b4+ 32. Kc4 Qd4# 0-1

[Event "Quebec-ch Elite"]
[Site "Montreal"]
[Date "2011.10.10"]
[Round "6"]
[White "Wu, Qiyou"]
[Black "Larochelle, Martial"]
[Result "0-1"]
[WhiteElo "1863"]
[BlackElo "2262"]
[PlyCount "84"]
[EventDate "2011.10.07"]
[EventType "swiss"]
[EventRounds "7"]
[EventCountry "CAN"]
[SourceTitle "EXT 2022"]
[Source "ChessBase"]
[SourceDate "2021.10.06"]
[SourceVersion "1"]
[SourceVersionDate "2021.10.06"]
[SourceQuality "1"]

1. e4 c5 2. Nf3 d6 3. Bb5+ Nd7 4. 0-0 Ngf6 5. Re1 a6 6. Bf1 e6 7. c4 Ne5 8. Nc3 Be7 9. h3 0-0 10. d3 Bd7 11. a4 b6 12. Be3 Qc7 13. b3 Bc6 14. Rc1 Nxf3+ 15. Qxf3 Qb7 16. Bg5 Nxe4 17. dxe4 Bxg5 18. Rcd1 Rfd8 19. Qg3 Bf6 20. Re3 Be5 21. Qg5 h6 22. Qg4 Bxc3 23. Rxc3 Bxe4 24. Rg3 g6 25. Qf4 Kg7 26. Bd3 d5 27. Qe5+ Kg8 28. Bxe4 dxe4 29. Re1 Rd4 30. h4 Qb8 31. Qf6 Qd8 32. Rxg6+ fxg6 33. Qxg6+ Kf8 34. Qxh6+ Ke7 35. Qg7+ Kd6 36. b4 Qe7 37. bxc5+ bxc5 38. Qg3+ Kc6 39. Qe5 Qd6 40. Qg7 Qf8 41. Qh7 Qf5 42. Qe7 Rd7 0-1

[Event "Montreal Oasis op"]
[Site "Montreal"]
[Date "2011.02.25"]
[Round "1"]
[White "Wu, Qiyou"]
[Black "Libersan, Thierry"]
[Result "1/2-1/2"]
[WhiteElo "1881"]
[BlackElo "2113"]
[PlyCount "126"]
[EventDate "2011.02.25"]
[EventType "swiss"]
[EventRounds "5"]
[EventCountry "CAN"]
[SourceTitle "EXT 2013"]
[Source "ChessBase"]
[SourceDate "2012.11.22"]
[SourceVersion "1"]
[SourceVersionDate "2012.11.22"]
[SourceQuality "1"]

1. e4 c5 2. Nf3 e6 3. d4 cxd4 4. Nxd4 Nc6 5. c4 a6 6. Nc3 d6 7. Nxc6 bxc6 8. Bd3 Nf6 9. 0-0 e5 10. Kh1 Be7 11. f4 0-0 12. Qe2 Nd7 13. Bc2 Rb8 14. f5 Bg5 15. b3 Bxc1 16. Raxc1 Nf6 17. Rcd1 Rb7 18. Rd3 Rd7 19. g4 d5 20. cxd5 cxd5 21. exd5 Nxd5 22. Nxd5 Bb7 23. Rh3 Rxd5 24. Be4 Rd2 25. Qf3 Bxe4 26. Qxe4 f6 27. g5 Qa8 28. Qxa8 Rxa8 29. gxf6 gxf6 30. a4 Rad8 31. Rg1+ Kh8 32. Rc3 Rd1 33. Rc6 Rxg1+ 34. Kxg1 Kg7 35. Rxa6 Rb8 36. Ra7+ Kh6 37. h4 Kh5 38. Ra6 Kxh4 39. Rxf6 Kg5 40. Rf7 h5 41. a5 Rxb3 42. a6 Ra3 43. a7 Ra2 44. Rh7 h4 45. Kf1 Ra4 46. Kf2 Kxf5 47. Rh5+ Ke6 48. Rxh4 Rxa7 49. Ke3 Ra3+ 50. Ke2 Kd5 51. Kd2 Ra2+ 52. Ke3 Ra3+ 53. Kd2 Rg3 54. Ra4 Rh3 55. Rg4 Ke6 56. Ke2 Kf5 57. Ra4 Rh2+ 58. Ke3 Rh3+ 59. Ke2 Rb3 60. Kf2 e4 61. Ra8 Rb2+ 62. Ke3 Rb3+ 63. Ke2 Rb2+ 1/2-1/2

[Event "Sherbrooke op"]
[Site "Sherbrooke"]
[Date "2010.05.29"]
[Round "3"]
[White "Wang, Kelly"]
[Black "Wu, Qiyou"]
[Result "1-0"]
[WhiteElo "1517"]
[BlackElo "1780"]
[PlyCount "95"]
[EventDate "2010.05.28"]
[EventType "swiss"]
[EventRounds "5"]
[EventCountry "CAN"]
[SourceTitle "EXT 2022"]
[Source "ChessBase"]
[SourceDate "2021.10.06"]
[SourceVersion "1"]
[SourceVersionDate "2021.10.06"]
[SourceQuality "1"]

1. e4 c5 2. Nf3 d6 3. c3 Nf6 4. Be2 Nc6 5. d4 cxd4 6. cxd4 e6 7. Nc3 Be7 8. 0-0 0-0 9. h3 a6 10. Be3 b5 11. a3 Bb7 12. Qd3 e5 13. d5 Nb8 14. Rac1 Nbd7 15. Na2 Nb6 16. b3 Nbd7 17. Nb4 Nc5 18. Bxc5 dxc5 19. Na2 Bd6 20. Nc3 b4 21. axb4 cxb4 22. Na4 a5 23. Qe3 Nd7 24. Nb2 Qb6 25. Qd2 Nc5 26. Nc4 Qc7 27. Qe3 Ba6 28. Nxd6 Qxd6 29. Rxc5 Bxe2 30. Rc6 Qxc6 31. dxc6 Bxf1 32. Kxf1 f6 33. Nh4 g6 34. Nf3 Rfc8 35. Qd3 Ra7 36. Qd5+ Kg7 37. Nd2 Rac7 38. Qxa5 Rxc6 39. Qxb4 Kh6 40. Qa4 Rd6 41. Nc4 Rd4 42. Qa6 Rf8 43. f3 Rf7 44. Qe6 Rdd7 45. Nd6 Rfe7 46. Qxf6 Kh5 47. g4+ Kh6 48. Nf5# 1-0

[Event "Quebec-ch U14"]
[Site "Montreal"]
[Date "2009.11.28"]
[Round "3"]
[White "Lepine, Cedric"]
[Black "Wu, Qiyou"]
[Result "1/2-1/2"]
[WhiteElo "1814"]
[BlackElo "1726"]
[PlyCount "96"]
[EventDate "2009.11.27"]
[EventType "swiss"]
[EventRounds "5"]
[EventCountry "CAN"]
[SourceTitle "EXT 2011"]
[Source "ChessBase"]
[SourceDate "2010.11.26"]
[SourceVersion "1"]
[SourceVersionDate "2010.11.26"]
[SourceQuality "1"]

1. e4 c5 2. c3 Nc6 3. d4 d5 4. e5 Bf5 5. Nf3 e6 6. Bd3 Nge7 7. 0-0 Bxd3 8. Qxd3 Nf5 9. Be3 cxd4 10. cxd4 Qb6 11. Nc3 Rc8 12. a3 a5 13. Na4 Qa6 14. Qxa6 bxa6 15. Rac1 Be7 16. Rc2 0-0 17. Rfc1 Na7 18. Rc7 Rxc7 19. Rxc7 Nb5 20. Rc6 Rb8 21. g4 Nxe3 22. fxe3 Ra8 23. Nc5 Bxc5 24. dxc5 a4 25. Nd4 Kf8 26. Nxb5 axb5 27. Rb6 Ra5 28. c6 Ke7 29. Rb7+ Kd8 30. Rxf7 b4 31. Rxg7 b3 32. Rxh7 Rc5 33. Rf7 Rxc6 34. g5 Ke8 35. Rf2 Rc4 36. g6 Rc7 37. h4 Rc1+ 38. Kg2 Rc4 39. Kg3 Rc1 40. h5 Rg1+ 41. Rg2 Rh1 42. g7 Kf7 43. Kf2 Kg8 44. Rg5 Rh2+ 45. Kg3 Rh1 46. Kg2 Rh4 47. h6 Rxh6 48. Rg4 Rh5 1/2-1/2

[Event "Quebec-ch U14"]
[Site "Montreal"]
[Date "2009.11.27"]
[Round "1"]
[White "Yun, Chang"]
[Black "Wu, Qiyou"]
[Result "1/2-1/2"]
[WhiteElo "1393"]
[BlackElo "1726"]
[PlyCount "69"]
[EventDate "2009.11.27"]
[EventType "swiss"]
[EventRounds "5"]
[EventCountry "CAN"]
[SourceTitle "EXT 2011"]
[Source "ChessBase"]
[SourceDate "2010.11.26"]
[SourceVersion "1"]
[SourceVersionDate "2010.11.26"]
[SourceQuality "1"]

1. e4 c5 2. Nf3 d6 3. d4 cxd4 4. Nxd4 Nf6 5. Nc3 g6 6. Be3 Bg7 7. f3 Nc6 8. Bc4 0-0 9. Qd2 Bd7 10. 0-0-0 Rc8 11. Bb3 Ne5 12. h4 Nc4 13. Bxc4 Rxc4 14. Nb3 Qc7 15. Bh6 b5 16. Bxg7 Kxg7 17. h5 Rc8 18. Na1 Be6 19. hxg6 fxg6 20. Nxb5 Qb6 21. Nc3 a5 22. a4 Qb4 23. Nb3 Rxc3 24. bxc3 Qa3+ 25. Kb1 Rb8 26. Qc1 Qxa4 27. Rd2 Qb5 28. Ka1 Qa4+ 29. Kb1 Nd7 30. Rd4 Qb5 31. Qh6+ Kf6 32. Qf4+ Kg7 33. Qh6+ Kf6 34. Qf4+ Kg7 35. Qh6+ 1/2-1/2